00252nam a2200097Ia 4500008004100000100001800041245002400059260004500083260000900128999001700137170620s9999 xx 000 0 und d aMahmud- Jafar 0aAbnormal Psychology bNew Delhi- A.P.H. Publishing corporation c2004 c24277d24277